000 00295nam a2200109Ia 4500
008 230907s9999||||xx |||||||||||||| ||und||
082 _a332.6323
_bDEB
245 4 _aThe debt market /
260 _aEdward Elgar,
_bCheltenham, UK ; | Northampton, MA, USA :
_c2000
300 _a3 v. :
942 _cBK
999 _c600127
_d600127